000 00306nam a22001337a 4500
008 170602b xxu||||| |||| 00| 0 eng d
020 _a9780521415323
041 _aeng
080 _22ND
_a94(7/8)
100 _a17
101 _aSHH
245 _aPREHISTORY OF THE AMERICAS
_cFIEDEL, S.J
942 _2udc
_cBK
999 _c15764
_d15764